02255nam a2200421 a 4500001001300000003000900013005001700022008004100039020001800080040002800098043001200126082001900138100002600157245005800183260003200241300002600273490005400299504003900353650005100392650004600443650006100489650004800550651005500598700003100653700004600684700003900730700003700769700003400806942001200840999001700852952013300869952014001002952013901142952015301281952013301434952013201567952013401699C01380190c-XCO-ViMGA20230915232204.0130402s2012 ck gr 00011 spa d a9789585770508 aCO-ViMGAbspacCO-ViMGA as-ck---04a580.986 bS19 1 aNieto, Patricia9145400aSavia Caribe : binventario botánico de Colombia /  aBogotá : bArgos, c2012. a181 p.bil ; c30 cm.0 aSavia. Inventario Botánico de la Región ; v1 aIncluye bibliografía e índice.14aBotánicaz Caribe (Región, Colombia)9145514aFloraz Caribe (Región, Colombia)9145714aPlantasx Variedadesz Caribe (Región, Colombia)9145814aPlantasz Caribe (Región, Colombia)91456 4aCaribe (Región, Colombia)x Descripción.914591 aBrando, Aldo, efot.914621 aGarcía Restrepo, Alejandro, eil.914641 aMejía, Ana María, efot.914611 aRincón, Héctor, efot.914631 aValdes, Cristina Lucia.91460 2ddccBK c33519d33519 00102ddc40708003aMEVIECARbMEVIECARd2015-12-04hTomo Il0o580.986 S19p29041r2015-12-04 00:00:00tEj 1.w2015-12-04yBK 00102ddc40708GENaMEGUAMALbMEGUAMALcGENd2024-10-29hTomo Il0o580.986 S19pGUA004377r2024-10-29 10:52:16tEj.1w2024-10-29yBK 001040708014aMEVIGERRbMEVIGERRcREFd2019-01-14oR 580.986 S18pECA3264r2024-11-26 09:50:37tEj.2w2024-11-26yBKz16503 | 21330 001040708014aMEVIGERRbMEVIGERRcREFd2013-07-30hVol. Tomo 1oR 580.986 S18pECA22118r2024-11-26 09:50:37tEj.1w2024-11-26yBKz16503 | 21329 00102ddc40708GENaMEPLOPEZbMEPLOPEZcGENd2025-06-25l0o580.986 S19 pPLZ02440r2025-06-25 15:17:48tEj.1w2025-06-25yBK 00102ddc40708GENaMESGUARObMESGUAROcGENd2025-08-19l0o580.986 S19 pSG03962r2025-08-19 16:37:39tEj.1w2025-08-19yBK 00102ddc40708GENaMEPCONCObMEPCONCOcGENd2026-01-20l0o580.986 S19 pPCON00186r2026-01-20 14:09:41tEj.1w2026-01-20yBK